Top 10 best Danish football players of all time - Statistics

General Stats
  • This quiz has been taken 197 times
  • The average score is 6 of 10
Answer Stats
Hint Answer % Correct
Goalkeeper, Manchester United, Euro 1992 Peter Schmeichel
95%
Offensive midfielder, Bayern Munich, Rangers, Euro 1992 Brian Laudrup
93%
Midfielder, Tottenham, Inter Milan, Serie A 2021 Christian Eriksen
93%
Offensive midfielder, Juventus, Barcelona, Champions League 1992 Michael Laudrup
93%
Ballon d'Or 1977, Borussia Mönchengladbach, Barcelona Allan Simonsen
53%
Striker, Feyenoord, AC Milan, Champions League 2003 Jon Dahl Tomasson
51%
Striker, Hellas Verona, Serie A 1985 Preben Elkjær
36%
Midfielder, Anderlecht, UEFA Cup 1983 Morten Olsen
31%
Midfielder, Ajax, PSV, Bayern Munich, Champions League 1988 Søren Lerby
25%
Striker of 1910s/1920s, the best scorer of Danish National Team Poul Nielsen
17%
No matching quizzes found
Score Distribution
Percent of People with Each Score
Percentile by Number Answered
Your Score History
You have not taken this quiz